000 01563nam a22003137a 4500
999 _c20804
_d20804
005 20200203113543.0
008 200203b xxu||||| |||| 00| 0 spa d
040 _aCO-BoIAVH
_cCO-BoIAVH
041 _aspa
044 _ack
082 _a333.950285
_bG56i
100 _aGómez Ahumada, María Fernanda
_eCompiladora
245 _aInforme anual 2012
_bSIB Sistema de Información sobre Biodiversidad de Colombia
_cMaría Fernanda Gómez Ahumada y colaboradores
260 _aBogotá:
_bSIB Colombia,
_c2012.
300 _a35 páginas,
_bFotografías, ilustraciones, gráficos y mapas
_c 28 x 21.7 cm
505 _aANEXO 1. Lista de documentos elaborados o traducidos por el SIB Colombia en el 2012. ANEXO 2. Recursos adicionales.
650 0 _aBiodiversidad
_vBases de datos
_xSeguimiento
650 0 _aBases de datos de colecciones biológicas
650 0 _aBiodiversidad
_xCatálogo
650 0 _aInformática
_xBiodiversidad
710 _aInstituto de Investigación de Recursos Biológicos Alexander von Humboldt
710 _aMinisterio de Ambiente y Desarrollo Sostenible.
710 _aInstituto de Investigaciones Marinas y Costeras - INVEMAR
710 _aInstituto de Amazónico de Investigaciones científicas( SINCHI)
710 _aInstituto de Hidrología, Metereología y Estudios Ambientales, IDEAM
710 _aInstituto de Investigaciones Ambientales del Pacífico IIAP
710 _aUniversidad Nacional de Colombia
942 _2ddc
_cLIBRO